Medium Sudoku with Whammies #1 - Statistics

General Stats
  • This quiz has been taken 589 times
  • The average score is 25 of 55
Answer Stats
Answer % Correct
9
83%
3
81%
4
80%
8
78%
6
77%
4
72%
7
53%
3
52%
5
51%
7
50%
2
48%
2
48%
6
47%
2
46%
6
46%
1
44%
3
44%
4
44%
6
44%
2
43%
2
43%
4
43%
1
42%
3
42%
4
42%
9
42%
2
41%
6
41%
6
41%
6
41%
9
41%
1
40%
7
40%
9
39%
3
38%
5
38%
8
38%
8
38%
9
38%
1
37%
5
37%
7
37%
9
37%
5
36%
7
36%
8
35%
8
35%
1
34%
3
34%
5
34%
8
34%
8
34%
1
33%
5
33%
5
33%
No matching quizzes found
Score Distribution
Percent of People with Each Score
Percentile by Number Answered
Your Score History
You have not taken this quiz